<?xml version="1.0" encoding="UTF-8"?>
<record
    xmlns:xsi="http://www.w3.org/2001/XMLSchema-instance"
    xsi:schemaLocation="http://www.loc.gov/MARC21/slim http://www.loc.gov/standards/marcxml/schema/MARC21slim.xsd"
    xmlns="http://www.loc.gov/MARC21/slim">

  <leader>02863nam a22003977a 4500</leader>
  <controlfield tag="001">0205683013</controlfield>
  <controlfield tag="003">DO-SdBPM</controlfield>
  <controlfield tag="005">20251124101129.0</controlfield>
  <controlfield tag="007">ta</controlfield>
  <controlfield tag="008">161206b2002  sp  a  00| 0 spa d</controlfield>
  <datafield tag="020" ind1=" " ind2=" ">
    <subfield code="a">8449411432 (Obra completa)</subfield>
  </datafield>
  <datafield tag="020" ind1=" " ind2=" ">
    <subfield code="a">8449411467 (v.3)</subfield>
  </datafield>
  <datafield tag="020" ind1=" " ind2=" ">
    <subfield code="a">8449411459 (v. II)</subfield>
  </datafield>
  <datafield tag="040" ind1=" " ind2=" ">
    <subfield code="a">DO-SdBPM</subfield>
    <subfield code="b">spa</subfield>
    <subfield code="c">BPMSU</subfield>
    <subfield code="e">rda</subfield>
    <subfield code="d">rda</subfield>
  </datafield>
  <datafield tag="082" ind1=" " ind2="4">
    <subfield code="a">808.83</subfield>
    <subfield code="b">C965 2002</subfield>
    <subfield code="2">22</subfield>
  </datafield>
  <datafield tag="245" ind1="0" ind2="0">
    <subfield code="a">Cuentos /</subfield>
    <subfield code="c">textos  V&#xED;ctor M. Armenteros, Jaime Rovira; direcci&#xF3;n, Carlos Gispert.</subfield>
  </datafield>
  <datafield tag="260" ind1=" " ind2=" ">
    <subfield code="b"> </subfield>
    <subfield code="c"> </subfield>
  </datafield>
  <datafield tag="264" ind1=" " ind2=" ">
    <subfield code="a">Barcelona, Espa&#xF1;a : </subfield>
    <subfield code="b">Oc&#xE9;ano Grupo Editorial, </subfield>
    <subfield code="c">2002</subfield>
  </datafield>
  <datafield tag="300" ind1=" " ind2=" ">
    <subfield code="a">3 volumenes :</subfield>
    <subfield code="b">ilustraciones ; </subfield>
    <subfield code="c">27 cm. </subfield>
  </datafield>
  <datafield tag="336" ind1=" " ind2=" ">
    <subfield code="a">texto</subfield>
    <subfield code="b">txt</subfield>
    <subfield code="2">rdacontent</subfield>
  </datafield>
  <datafield tag="337" ind1=" " ind2=" ">
    <subfield code="a">sin mediaci&#xF3;n </subfield>
    <subfield code="b">n</subfield>
    <subfield code="2">rdamedia </subfield>
  </datafield>
  <datafield tag="338" ind1=" " ind2=" ">
    <subfield code="a">volumen</subfield>
    <subfield code="b">n</subfield>
    <subfield code="2">rdacarrier </subfield>
  </datafield>
  <datafield tag="490" ind1="0" ind2=" ">
    <subfield code="a">Ver, o&#xED;r y leer.</subfield>
  </datafield>
  <datafield tag="505" ind1="0" ind2=" ">
    <subfield code="g">v. 1. B&#xED;blia --</subfield>
    <subfield code="t">v.1. B&#xED;blia  --</subfield>
  </datafield>
  <datafield tag="505" ind1="0" ind2=" ">
    <subfield code="g">v. 3. Cuentos --</subfield>
    <subfield code="t">v.3. Cuentos  --</subfield>
    <subfield code="t">Caperucita roja --</subfield>
    <subfield code="t">El patito feo --</subfield>
    <subfield code="t">El gato con botas --</subfield>
    <subfield code="t">Aladino y la L&#xE1;mpara maravillosa --</subfield>
    <subfield code="t">El pr&#xED;ncipe feliz --</subfield>
    <subfield code="t">La casita de chocolate --</subfield>
    <subfield code="t">Blancanieves y los siete enanitos --</subfield>
    <subfield code="t">Los viajes de Gulliver --</subfield>
    <subfield code="t">Alicia en el pa&#xED;s de las maravillas --</subfield>
    <subfield code="t">La princesa piel de asno --</subfield>
    <subfield code="t">Pulgarcito y sus hermanos --</subfield>
    <subfield code="t">Las aventuras de Peter Pan --</subfield>
    <subfield code="t">La cigarra y la hormiga --</subfield>
    <subfield code="t">Cassette 2.  La liebre y la tortuga --</subfield>
    <subfield code="t">Los tres creditos y el lobo feroz --</subfield>
    <subfield code="t">Historia de la bella durmiente --</subfield>
    <subfield code="t">El maravilloso vestido del emperador --</subfield>
    <subfield code="t">La cenicienta --</subfield>
    <subfield code="t">Bambi y sus amigos del Bosque --</subfield>
    <subfield code="t">Riquete, el del copete --</subfield>
    <subfield code="t">Dumbo, el elefante que pod&#xED;a volar --</subfield>
    <subfield code="t">El soldadito de plomo --</subfield>
    <subfield code="t">Los tres osos --</subfield>
    <subfield code="t">Al&#xED; Bab&#xE1; y los cuarenta ladrones --</subfield>
    <subfield code="t">La gallina de los huevos de oro --</subfield>
    <subfield code="t">La maravillosa historia de Pinocho --</subfield>
    <subfield code="t">Androcles y el Le&#xF3;n.</subfield>
  </datafield>
  <datafield tag="505" ind1="0" ind2=" ">
    <subfield code="g">v. 2. F&#xE1;bulas.</subfield>
    <subfield code="t">v.2. F&#xE1;bulas.</subfield>
    <subfield code="t">Cassette 1</subfield>
    <subfield code="t">El burro flautista --</subfield>
    <subfield code="t">El pastor y las ovejas --</subfield>
    <subfield code="t">La Asamblea de los ratones --</subfield>
    <subfield code="t">A margarita --</subfield>
    <subfield code="t">El ciervo en la fuente --</subfield>
    <subfield code="t">Los cangrejos --</subfield>
    <subfield code="t">El cultivo del Ma&#xED;z --</subfield>
    <subfield code="t">El le&#xF3;n con su ej&#xE9;rcito --</subfield>
    <subfield code="t">Aunque la mona se vista de seda --</subfield>
    <subfield code="t">Popol-vuh --</subfield>
    <subfield code="t">El asno vestido con piel de Le&#xF3;n --</subfield>
    <subfield code="t">La gata mujer --</subfield>
    <subfield code="t">Los m&#xFA;sicos de Bremen --</subfield>
    <subfield code="t">Cassette 2.</subfield>
    <subfield code="t"> La lechera --</subfield>
    <subfield code="t">El le&#xF3;n y el rat&#xF3;n --</subfield>
    <subfield code="t">Los dos amigos y el oso --</subfield>
    <subfield code="t">Boca ancha --</subfield>
    <subfield code="t">El flautista de Hamelin --</subfield>
    <subfield code="t">La yerba mate --</subfield>
    <subfield code="t">El rat&#xF3;n de campo y el de ciudad --</subfield>
    <subfield code="t">El labrador y la providencia --</subfield>
    <subfield code="t">El coyote y el zorrillo --</subfield>
    <subfield code="t">La sirenita --</subfield>
    <subfield code="t">El perro mir&#xE1;ndose en el agua --</subfield>
    <subfield code="t">El viento zonda --</subfield>
    <subfield code="t">La mariposa y el caracol --</subfield>
    <subfield code="t">El asno y el cochinillo.</subfield>
  </datafield>
  <datafield tag="590" ind1=" " ind2=" ">
    <subfield code="a">Inventariado, 2025/VM</subfield>
  </datafield>
  <datafield tag="650" ind1=" " ind2="7">
    <subfield code="a">Cuentos </subfield>
    <subfield code="v">Colecciones </subfield>
  </datafield>
  <datafield tag="650" ind1=" " ind2="7">
    <subfield code="a">Libros ilustrados para ni&#xF1;os </subfield>
  </datafield>
  <datafield tag="700" ind1="1" ind2=" ">
    <subfield code="a">Gispert, Carlos, </subfield>
    <subfield code="e">dirrector </subfield>
  </datafield>
  <datafield tag="700" ind1="1" ind2=" ">
    <subfield code="a">Armenteros, V&#xED;ctor M.</subfield>
    <subfield code="e">texto </subfield>
  </datafield>
  <datafield tag="700" ind1="1" ind2=" ">
    <subfield code="a">Rovira, Jaime</subfield>
    <subfield code="e">textos</subfield>
  </datafield>
  <datafield tag="910" ind1=" " ind2=" ">
    <subfield code="a">LPEREZ / VMateo V. Control de calidad. BPMSU </subfield>
  </datafield>
  <datafield tag="942" ind1=" " ind2=" ">
    <subfield code="2">ddc</subfield>
    <subfield code="c">BK</subfield>
  </datafield>
  <datafield tag="952" ind1=" " ind2=" ">
    <subfield code="0">0</subfield>
    <subfield code="1">0</subfield>
    <subfield code="2">ddc</subfield>
    <subfield code="7">0</subfield>
    <subfield code="8">CI-G</subfield>
    <subfield code="a">BPMET</subfield>
    <subfield code="b">BPMET</subfield>
    <subfield code="d">2025-11-24</subfield>
    <subfield code="l">0</subfield>
    <subfield code="o">BPMSU CGI 808.83 C965 2002</subfield>
    <subfield code="p">BPMSU25110090</subfield>
    <subfield code="r">2025-11-24</subfield>
    <subfield code="t">v.3</subfield>
    <subfield code="w">2025-11-24</subfield>
    <subfield code="y">BK</subfield>
  </datafield>
  <datafield tag="956" ind1=" " ind2=" ">
    <subfield code="a">LOPEREZ</subfield>
    <subfield code="b">10</subfield>
    <subfield code="c">20161206</subfield>
    <subfield code="h">BPMSU</subfield>
  </datafield>
  <datafield tag="999" ind1=" " ind2=" ">
    <subfield code="c">15542</subfield>
    <subfield code="d">15542</subfield>
  </datafield>
</record>
